000 01095nam a22002651 4500
001 177302
003 ES-MaACL
005 20250815121300.0
008 110314s1972 sp af ||||0| spa d
080 _a74 Úbeda, Agustín
080 _a75 Úbeda, Agustín
100 1 _aÚbeda, Agustín,
_d1925-2007
_9145635
245 1 0 _aDibujos de A. Úbeda /
_cpor Mª Fortunata Prieto.
250 _a1ª ed.
260 _aMadrid :
_bIbérico Europea de Ediciones,
_ccop. 1972.
300 _a[32] p. :
_bprincipalmente il. bl. y n. ;
_c31 cm.
490 1 _aMaestros contemporáneos del dibujo y la pintura ;
_v14
500 _aEncuadernado con otros títulos.
597 _aEn el lomo: Martínez Novillo, Grau Sala, Álvaro Delgado, Agustín Úbeda, Arteta, Picasso, Vela Zanetti, Montes Iturrioz, Mustieles, Barjola.
600 1 7 _aÚbeda, Agustín,
_d1925-2007
_2
_9145635
700 1 _aPrieto Barral, María Fortunata.
_993911
830 0 0 _aMaestros contemporáneos del dibujo y la pintura
_v14
_9190405
852 _aES-MaACL
_jE-14687 (4)
_xOlim P-1071
999 _c177302
_d177302